000 00573nam a2200169 a 4500
001 000035433
005 20200930074335.0
008 111031s1965 ag a 000 0 spa d
040 _aDO-SdBNP
_bspa
_cBNPHU
082 _axxxx
_bxxxx
100 1 _aSpirkin, A.
_961267
245 1 3 _aEl origen de la conciencia /
_cA. Spirkin.
260 _aBuenos Aires, :
_bPlatina,
_c1965.
300 _a382 p. :
_bil. ;
_c20 cm.
504 _aIncluye referencias bibliográficas y notas al pie de las páginas
590 _aPerteneció a la biblioteca personal de Juan Isidro Jimenes Grullón
999 _c34924
_d34924